Selfish /

Bibliographic Details
Main Author: Kardashian, Kim, 1980- (Author)
Format: Book
Language:English
Published: New York : Rizzoli, [2015]
Subjects:

MARC

Tag First Indicator Second Indicator Subfields
LEADER 00000cam a2200000Ii 4500
001 in00003534621
005 20151105200509.0
008 140721s2015 nyua 000 0 eng d
010 |a  2014949689 
020 |a 0789329204 
020 |a 9780789329202 
035 |a (OCoLC)ocn884298003 
040 |a YDXCP  |b eng  |e rda  |c YDXCP  |d BTCTA  |d OCLCQ  |d CLE  |d UtOrBLW 
043 |a n-us--- 
049 |a TXAM 
050 4 |a TR681.F3  |b K363 2015 
100 1 |a Kardashian, Kim,  |d 1980-  |e author. 
245 1 0 |a Selfish /  |c Kim. 
264 1 |a New York :  |b Rizzoli,  |c [2015] 
300 |a 445 pages :  |b chiefly color illustrations ;  |c 19 cm 
336 |a text  |b txt  |2 rdacontent 
336 |a still image  |b sti  |2 rdacontent 
337 |a unmediated  |b n  |2 rdamedia 
338 |a volume  |b nc  |2 rdacarrier 
600 1 0 |a Kardashian, Kim,  |d 1980-  |v Self-portraits. 
650 0 |a Television personalities  |z United States  |v Portraits. 
650 0 |a Celebrities  |z United States  |v Portraits. 
948 |a cataloged  |b h  |c 2015/6/1  |d c  |e ceaton  |f 1:24:45 pm 
994 |a C0  |b TXA 
999 |a MARS 
999 f f |s f66e838e-1884-3636-bae8-88fa30695b3d  |i 973f46b2-fa7c-3c86-9dc6-4dda74c6af12  |t 0 
952 f f |p normal  |a Texas A&M University  |b College Station  |c Sterling C. Evans Library  |d Evans: Library Stacks  |t 0  |e TR681.F3 K363 2015  |h Library of Congress classification  |i unmediated -- volume  |m A14843104606 
998 f f |a TR681.F3 K363 2015  |t 0  |l Evans: Library Stacks